| 000 | 00978nac a22002897a 4500 | ||
|---|---|---|---|
| 001 | BR9406381 | ||
| 003 | BR-BrBNA | ||
| 005 | 20240105121534.0 | ||
| 008 | 230509b bl.|||m| |||| 00| 0 por d | ||
| 040 |
_aBR-BrBNA _bpor _cBiblioteca Nacional de Agricultura |
||
| 072 | _aF30 | ||
| 090 | _a1540 BR9406381 | ||
| 100 | 1 | _aFukuda, W.M.G. | |
| 100 | 1 | _aMontenegro, E.E. | |
| 100 | 1 | _aMendes, C. da S. | |
| 100 | 1 | _aDiniz, M. de S. | |
| 100 | 1 | _aFukuda, C. | |
| 110 | 1 | _aCentro Nacional de Pesquisa de Mandioca e Fruticultura Tropical, Cruz das Almas, BA (Brasil) | |
| 245 | 1 | _aA participacao dos produtores no processo de melhoramento de mandioca: uma estrategia para a difusao de novas variedades | |
| 260 | 3 |
_aCruz das Almas, BA (Brasil): _c1994. |
|
| 300 | _a2 p. | ||
| 490 |
_aMandioca em Foco (Brazil) _vno. 11 _x |
||
| 650 | _aMandioca | ||
| 650 | _aMelhoramento Genetico Vegetal | ||
| 909 |
_a202312 _bLúcia Elande _c55 _dLúcia Elande |
||
| 942 |
_2AGRIS _n0 _cMS |
||
| 999 |
_c285887 _d285887 |
||